000 00418nam a2200133Ia 4500
008 151001s9999||||xx |||||||||||||| ||und||
100 _aअरुणकुमार मुखेडकर
245 _aमहाराष्ट्रातील जमीनविषय कायदे
250 _a2
260 _bनाशिक लॉ हाऊस
260 _c2007
300 _a832
365 _b21
999 _c989337
_d989334